| 000 | 00824aam a2200301 i 4500 | ||
|---|---|---|---|
| 001 | 768714001 | ||
| 003 | CO-MdFUSB | ||
| 005 | 20250513112606.0 | ||
| 007 | ta | ||
| 008 | 250513t1997 ec |||| |||| 00| 0 spa d | ||
| 020 | _a1-880338-32-7 | ||
| 040 | _cCO-MdFUSB | ||
| 041 | 0 | _aspa | |
| 082 | 0 | 4 |
_223 _a248 _bC9564t |
| 100 | 1 |
_aCrumley, Valetta Steel _eautor |
|
| 245 | 1 | 0 |
_aTres veces por el valle _c/ Valetta Steel Crumley , Eduardo Erny |
| 264 | 1 |
_bOMS International, _aGreenwood, IN., USA : _c[1997] |
|
| 264 | 4 | _c©1997 | |
| 300 | _a191 páginas | ||
| 336 |
_atexto _btxt _2rdacontent |
||
| 337 |
_2rdamedia _asin mediación _bn |
||
| 338 |
_2rdacarrier _avolumen _bnc |
||
| 563 | _aRústico | ||
| 650 | 0 |
_aVida cristiana _919 |
|
| 700 |
_aErny, Eduardo, _911461 _eautor |
||
| 942 | _cBK | ||
| 945 | _aJTF-925 | ||
| 999 |
_c35570 _d35570 |
||